00459nam a22001577a 450000500170000001000130001702000260003003500130005603700090006908200100007810000190008824500950010726000240020230000250022650000500025120210728113520.0 aB-740664 a9780241188514c750.00 aB-740664 bGift a330.9 aSharma, Ruchir aThe rise and fall of nations:bforces of change in the post-crisis worldcby Ruchir Sharma bPenguin Groupc2016 axii, 464p.c24cm(Hb) aincludes bibliographical references and index